[Event "First Saturday IM November2014"]
[Site "Budapest"]
[Date "2014.11.01"]
[Round "1.1"]
[White "Szalanczy, Emil"]
[Black "Balint, Vilmos"]
[Result "1/2-1/2"]
[WhiteElo "2232"]
[BlackElo "2158"]
[PlyCount "190"]
[EventDate "2014.11.01"]

1. e4 e5 2. Nf3 Nc6 3. Bb5 a6 4. Ba4 Nf6 5. O-O b5 6. Bb3 Bc5 7. Nxe5 Nxe5 8.
d4 Bxd4 9. Qxd4 d6 10. Qd1 O-O 11. Bg5 h6 12. Bxf6 Qxf6 13. Nc3 Ra7 14. a4 b4
15. Nd5 Qh4 16. f3 a5 17. g3 Qd8 18. Rf2 Kh8 19. Ne3 Qf6 20. Kg2 Nd7 21. Ng4
Qg6 22. Qd4 Nc5 23. Ne5 Qh5 24. Nd3 Nxd3 25. cxd3 Ra6 26. Rc1 c5 27. Qe3 f5 28.
Bd5 Ra7 29. Qf4 Rf6 30. Rxc5 dxc5 31. Qb8 Rf8 32. Qxa7 fxe4 33. Bxe4 Bh3+ 34.
Kg1 c4 35. Qe3 cxd3 36. Rd2 Rc8 37. Rxd3 Qe5 38. Rd2 Qe6 39. Kf2 Bf5 40. Bb7
Qxe3+ 41. Kxe3 Re8+ 42. Be4 Be6 43. Rd6 Bb3 44. Ra6 Bxa4 45. Rxa5 Bc6 46. Ra6
Bd5 47. Rb6 b3 48. h4 Bf7 49. g4 g6 50. Kf4 Kg7 51. Rd6 Re7 52. g5 Ra7 53. Ke3
hxg5 54. hxg5 Ra2 55. Rd2 Ra5 56. f4 Ra1 57. f5 gxf5 58. Bxf5 Rg1 59. Rd7 Rxg5
60. Kf4 Rg1 61. Be6 Rf1+ 62. Kg4 Kf8 63. Rxf7+ Rxf7 64. Bxf7 Kxf7 65. Kf5 Ke7
66. Ke5 Kd7 67. Kd5 Kc7 68. Kc5 Kb7 69. Kb5 Kc7 70. Kc5 Kb7 71. Kc4 Kc6 72. Kb4
Kb6 73. Ka4 Ka6 74. Ka3 Ka5 75. Kxb3 Kb5 76. Ka3 Ka5 77. b3 Kb5 78. b4 Kb6 79.
Kb3 Kb5 80. Kc3 Kb6 81. Kc4 Kc6 82. b5+ Kb6 83. Kb4 Kb7 84. Ka5 Ka7 85. b6+ Kb7
86. Kb5 Kb8 87. Kc6 Ka8 88. Kb5 Kb8 89. Kc6 Kc8 90. Kd6 Kb7 91. Kc5 Kb8 92. Kc4
Kb7 93. Kb5 Kb8 94. Ka6 Ka8 95. b7+ Kb8 1/2-1/2

[Event "First Saturday IM November2014"]
[Site "Budapest"]
[Date "2014.11.01"]
[Round "1.2"]
[White "Tran, Minh Thang"]
[Black "Petesch, Gabriel N"]
[Result "1-0"]
[WhiteElo "2066"]
[BlackElo "2263"]
[PlyCount "99"]
[EventDate "2014.11.01"]

1. d4 d5 2. Bf4 Nf6 3. e3 e6 4. Nd2 Bd6 5. Bxd6 Qxd6 6. f4 b6 7. c3 Bb7 8. Bd3
Ne4 9. Ngf3 O-O 10. O-O Nd7 11. Qc2 f5 12. Ne5 Ndf6 13. Qd1 c5 14. Qe2 a6 15.
Rad1 Nxd2 16. Rxd2 c4 17. Bb1 b5 18. g4 g6 19. h4 Nd7 20. Nxd7 Qxd7 21. Kf2 Kf7
22. Ke1 Ke7 23. Qd1 Kd6 24. Rh2 a5 25. h5 b4 26. Rfh1 Bc6 27. hxg6 hxg6 28. Rh7
Rf7 29. R7h6 Rg8 30. Qd2 Qb7 31. Rg1 Rfg7 32. Kd1 Kc7 33. Kc1 g5 34. gxf5 gxf4
35. Rhg6 Kb6 36. cxb4 Rxg6 37. bxa5+ Ka6 38. fxg6 fxe3 39. Qxe3 Qg7 40. Bc2 Bd7
41. Qe5 Qxe5 42. dxe5 Rg7 43. Rf1 Be8 44. Rf6 Kxa5 45. Rxe6 Rg8 46. Rd6 Kb4 47.
Rxd5 c3 48. Rd4+ Kc5 49. bxc3 Bxg6 50. Rg4 1-0

[Event "First Saturday IM November2014"]
[Site "Budapest"]
[Date "2014.11.01"]
[Round "1.3"]
[White "Szeberenyi, Adam"]
[Black "Boguszlavszkij, Jevgenyij"]
[Result "1/2-1/2"]
[WhiteElo "2316"]
[BlackElo "2262"]
[PlyCount "23"]
[EventDate "2014.11.01"]

1. d4 d5 2. c4 e6 3. Nc3 Nf6 4. Nf3 Nbd7 5. Bg5 c6 6. cxd5 exd5 7. e3 Be7 8.
Bd3 O-O 9. O-O Re8 10. Qc2 Nf8 11. h3 Ng6 12. Ne5 1/2-1/2

[Event "First Saturday IM November2014"]
[Site "Budapest"]
[Date "2014.11.01"]
[Round "1.4"]
[White "Lyell, Mark"]
[Black "Martic, Zlatko"]
[Result "1-0"]
[WhiteElo "2294"]
[BlackElo "2321"]
[PlyCount "115"]
[EventDate "2014.11.01"]

1. e4 d6 2. Nc3 Nf6 3. d4 g6 4. Be3 c6 5. f3 Nbd7 6. h4 b5 7. Nh3 Nb6 8. b3 Qc7
9. a4 b4 10. Nb1 a5 11. Nd2 Bg7 12. Nf4 h5 13. Nc4 Nfd7 14. Nxb6 Nxb6 15. Kf2
Nd7 16. Be2 Bb7 17. Rc1 e5 18. dxe5 Nxe5 19. Qd2 O-O 20. Rcd1 d5 21. exd5 cxd5
22. Nd3 Rac8 23. Nxe5 Bxe5 24. Bd3 Rfe8 25. Kg1 Re6 26. Rh3 Rce8 27. Qf2 Bc3
28. Bd2 Be5 29. Be3 Bc8 30. f4 Bd6 31. Bb6 Qe7 32. f5 Re5 33. Bd4 Re1+ 34. Rxe1
Qxe1+ 35. Qxe1 Rxe1+ 36. Kf2 Re8 37. Re3 Rxe3 38. Kxe3 gxf5 39. Bb6 Kg7 40. Kd4
Kf6 41. Kxd5 Ke7 42. Bd8+ Kxd8 43. Kxd6 f4 44. Be4 f6 45. Kc6 Ke7 46. Kb6 Kd6
47. Kxa5 Kc5 48. Bf3 Bf5 49. Bxh5 Bxc2 50. Bf7 Be4 51. h5 Bxg2 52. h6 Be4 53.
Bh5 Bd3 54. Bf3 Bh7 55. Ka6 Kd4 56. Kb5 Ke3 57. Bh5 f3 58. Bxf3 1-0

[Event "First Saturday IM November2014"]
[Site "Budapest"]
[Date "2014.11.01"]
[Round "1.5"]
[White "Hoegy, Kevin"]
[Black "Grimm, Daniel"]
[Result "1/2-1/2"]
[WhiteElo "2257"]
[BlackElo "2252"]
[PlyCount "116"]
[EventDate "2014.11.01"]

1. d4 d5 2. Nf3 c6 3. Bf4 Qb6 4. Qc1 Nf6 5. e3 Bf5 6. c4 dxc4 7. Bxc4 e6 8. Nc3
Be7 9. O-O O-O 10. a3 a5 11. Na4 Qd8 12. Be2 Nbd7 13. Rd1 Nd5 14. Bg3 N7f6 15.
Nh4 Ne4 16. Nxf5 exf5 17. Bf3 Re8 18. Qc2 Bf8 19. Nc3 Ndxc3 20. bxc3 g6 21. c4
h5 22. Bxe4 Rxe4 23. h3 b5 24. cxb5 cxb5 25. Qc6 Qe8 26. d5 Rc4 27. Qxe8 Rxe8
28. d6 Rd8 29. Rd5 b4 30. axb4 axb4 31. Ra7 h4 32. Bf4 g5 33. Bxg5 Rc1+ 34. Kh2
Bxd6+ 35. f4 Bxf4+ 36. Bxf4 Rxd5 37. e4 Rdc5 38. Bxc1 Rxc1 39. exf5 Kg7 40. Rb7
Rb1 41. Rb6 b3 42. g4 f6 43. Kg2 b2 44. Kh2 Kf7 45. Rb7+ Ke8 46. Kg2 Kd8 47.
Rb3 Ke7 48. Rb6 Kd7 49. Rb8 Kd6 50. Rb7 Ke5 51. Re7+ Kf4 52. Rb7 Kg5 53. Rb6
Kf4 54. Rb8 Kg5 55. Rg8+ Kf4 56. Rb8 Kg5 57. Rg8+ Kf4 58. Rb8 Kg5 1/2-1/2

[Event "First Saturday IM November2014"]
[Site "Budapest"]
[Date "2014.11.02"]
[Round "2.1"]
[White "Balint, Vilmos"]
[Black "Grimm, Daniel"]
[Result "1-0"]
[WhiteElo "2158"]
[BlackElo "2252"]
[PlyCount "61"]
[EventDate "2014.11.01"]

1. Nf3 d5 2. c4 c6 3. e3 Nf6 4. Nc3 Bg4 5. Qb3 Qb6 6. Ne5 Be6 7. d4 dxc4 8.
Bxc4 Bxc4 9. Qxc4 e6 10. O-O Be7 11. Na4 Qa6 12. Qc2 Nbd7 13. Nd3 O-O 14. Bd2
Rfd8 15. Rfc1 Qb5 16. Rab1 Qh5 17. Qb3 Bd6 18. h3 e5 19. dxe5 Nxe5 20. Ne1 Qe2
21. Rc2 Neg4 22. hxg4 Nxg4 23. Nf3 Qxf2+ 24. Kh1 Qe2 25. Ba5 Nf2+ 26. Kg1 Nh3+
27. gxh3 Qxf3 28. Bxd8 Rxd8 29. Rf1 Qxh3 30. Qxf7+ Kh8 31. Qf3 1-0

[Event "First Saturday IM November2014"]
[Site "Budapest"]
[Date "2014.11.02"]
[Round "2.2"]
[White "Martic, Zlatko"]
[Black "Hoegy, Kevin"]
[Result "1/2-1/2"]
[WhiteElo "2321"]
[BlackElo "2257"]
[PlyCount "102"]
[EventDate "2014.11.01"]

1. d4 Nf6 2. c4 e6 3. Nc3 d5 4. Bg5 Be7 5. e3 O-O 6. Nf3 h6 7. Bh4 Ne4 8. Bxe7
Qxe7 9. cxd5 Nxc3 10. bxc3 exd5 11. Qb3 Rd8 12. Be2 c5 13. Rb1 Nc6 14. Qa3 c4
15. Qxe7 Nxe7 16. Nd2 Rb8 17. e4 b5 18. a4 a6 19. axb5 axb5 20. O-O Be6 21. Bf3
dxe4 22. Nxe4 Bf5 23. g4 Bg6 24. Rfc1 Nd5 25. Rb2 b4 26. cxb4 Bxe4 27. Bxe4 c3
28. Rb3 Nxb4 29. Rcxc3 Rxd4 30. Re3 Re8 31. Bf3 Kf8 32. Rxe8+ Kxe8 33. Re3+ Kf8
34. Re4 Rxe4 35. Bxe4 Na6 36. Kg2 Nc5 37. Bd5 Nd3 38. Kf3 g5 39. Be4 Nf4 40. h4
Ke7 41. hxg5 hxg5 42. Bc2 Kf6 43. Ke4 Nh3 44. f3 Nf4 45. Bb3 Ne6 46. Bxe6 Kxe6
47. f4 gxf4 48. Kxf4 Kf6 49. g5+ Kg6 50. Kg4 f6 51. gxf6 Kxf6 1/2-1/2

[Event "First Saturday IM November2014"]
[Site "Budapest"]
[Date "2014.11.02"]
[Round "2.3"]
[White "Boguszlavszkij, Jevgenyij"]
[Black "Lyell, Mark"]
[Result "1/2-1/2"]
[WhiteElo "2262"]
[BlackElo "2294"]
[PlyCount "101"]
[EventDate "2014.11.01"]

1. e4 e5 2. Nf3 Nc6 3. Nc3 Nf6 4. g3 Bc5 5. Bg2 d6 6. d3 a6 7. h3 h6 8. O-O Be6
9. Re1 Qd7 10. h4 Ng4 11. Be3 Nxe3 12. fxe3 Bg4 13. Qd2 O-O-O 14. Nh2 Be6 15.
Ne2 d5 16. exd5 Bxd5 17. Bxd5 Qxd5 18. Rf1 Qe6 19. c3 g5 20. h5 f5 21. d4 f4
22. Qc2 exd4 23. exd4 Bd6 24. g4 Rhe8 25. Nc1 Qe3+ 26. Qf2 Qxf2+ 27. Kxf2 Na5
28. Nd3 Nc4 29. Nf3 Re3 30. Rad1 Rde8 31. Rfe1 Kd8 32. b3 Rxe1 33. Rxe1 Rxe1
34. Kxe1 Ne3 35. Nfe5 Bxe5 36. Nxe5 Ke7 37. Ke2 c5 38. dxc5 Ke6 39. c6 bxc6 40.
Nxc6 Nxg4 41. c4 Nf6 42. Kf3 Nxh5 43. b4 Nf6 44. a4 h5 45. a5 h4 46. b5 Kd6 47.
Nd8 axb5 48. a6 Ne8 49. cxb5 Nc7 50. a7 Na8 51. Nf7+ 1/2-1/2

[Event "First Saturday IM November2014"]
[Site "Budapest"]
[Date "2014.11.02"]
[Round "2.4"]
[White "Petesch, Gabriel N"]
[Black "Szeberenyi, Adam"]
[Result "1-0"]
[WhiteElo "2263"]
[BlackElo "2316"]
[PlyCount "115"]
[EventDate "2014.11.01"]

1. Nf3 d5 2. b3 Bg4 3. Ne5 Bf5 4. d4 f6 5. Nd3 Nc6 6. Bb2 e6 7. g3 Nb4 8. Nxb4
Bxb4+ 9. c3 Bd6 10. Bg2 Ne7 11. Nd2 e5 12. e4 dxe4 13. Nxe4 Bxe4 14. Bxe4 c6
15. Qg4 g6 16. Qe6 Qd7 17. Qxf6 Rf8 18. Qg5 exd4 19. O-O dxc3 20. Bxc3 O-O-O
21. Rad1 Qe6 22. Rfe1 Qf7 23. Qe3 Kb8 24. Bd4 Nc8 25. Qc3 Bc7 26. Bg2 Qf5 27.
Be3 g5 28. Be4 Qf7 29. Rxd8 Bxd8 30. Qe5+ Ka8 31. Rd1 h6 32. Rd2 Bb6 33. Bxb6
Nxb6 34. Qd6 a6 35. Qxh6 Qe7 36. Qd6 Qf7 37. Qc5 Qe8 38. Rd4 Nd5 39. Qc2 Qe5
40. Qc5 Qf6 41. Rd3 Rh8 42. Bxd5 cxd5 43. Qxd5 Qa1+ 44. Kg2 Qxa2 45. Rf3 Qc2
46. Qxg5 Qe4 47. Qf5 Qe1 48. h4 Rd8 49. h5 Qc1 50. Qe5 Qc6 51. Qf6 Rd6 52. Qc3
Qd5 53. g4 Re6 54. Qc4 Qd6 55. b4 Re5 56. Qf4 Qe6 57. Kg3 Ka7 58. Re3 1-0

[Event "First Saturday IM November2014"]
[Site "Budapest"]
[Date "2014.11.02"]
[Round "2.5"]
[White "Szalanczy, Emil"]
[Black "Tran, Minh Thang"]
[Result "0-1"]
[WhiteElo "2232"]
[BlackElo "2066"]
[PlyCount "86"]
[EventDate "2014.11.01"]

1. e4 c5 2. Nf3 e6 3. d4 cxd4 4. Nxd4 Nc6 5. Nc3 Qc7 6. Be3 a6 7. Qd2 Nf6 8.
O-O-O Bb4 9. f3 Ne5 10. Bg5 b5 11. Kb1 Be7 12. g4 Bb7 13. h4 b4 14. Nce2 Nexg4
15. Rg1 Ne5 16. Ng3 h6 17. Bf4 Rc8 18. Bd3 Nc4 19. Bxc4 Qxc4 20. e5 Nd5 21. Nh5
g6 22. Ng7+ Kd8 23. Bxh6 Kc7 24. Rg4 Kb8 25. h5 gxh5 26. Nxh5 Nc3+ 27. bxc3
bxc3 28. Qc1 Bxf3 29. Rf4 Bxd1 30. Qxd1 Qb4+ 31. Nb3 Qa3 32. Rb4+ Qxb4 33. Bc1
Qb7 34. a4 Rc4 35. Nf6 Bxf6 36. exf6 Rh1 37. Qd6+ Ka7 38. Qa3 Qb4 39. Ka2 Qxa3+
40. Kxa3 Rxc1 41. Nxc1 Rf4 42. Nd3 Rxf6 43. Kb4 d6 0-1

[Event "First Saturday IM November2014"]
[Site "Budapest"]
[Date "2014.11.03"]
[Round "3.1"]
[White "Tran, Minh Thang"]
[Black "Balint, Vilmos"]
[Result "1/2-1/2"]
[WhiteElo "2066"]
[BlackElo "2158"]
[PlyCount "59"]
[EventDate "2014.11.01"]

1. d4 Nf6 2. Bf4 d5 3. e3 e6 4. Nd2 c5 5. c3 Nc6 6. Bd3 Bd6 7. Bxd6 Qxd6 8. f4
cxd4 9. cxd4 Nb4 10. Bb1 Bd7 11. a3 Qa6 12. Nb3 Nc6 13. Nf3 b6 14. Bd3 Qb7 15.
O-O Ng4 16. Qe2 f5 17. Rac1 a6 18. Rc2 O-O 19. Rfc1 Rfc8 20. h3 Nf6 21. g4 Ne4
22. Kh2 Ne7 23. Nbd2 Ba4 24. b3 Be8 25. Ne5 b5 26. b4 Rxc2 27. Rxc2 Nd6 28. Nb3
Nc4 29. Nc5 Qb6 30. Bxc4 1/2-1/2

[Event "First Saturday IM November2014"]
[Site "Budapest"]
[Date "2014.11.03"]
[Round "3.2"]
[White "Szeberenyi, Adam"]
[Black "Szalanczy, Emil"]
[Result "1/2-1/2"]
[WhiteElo "2316"]
[BlackElo "2232"]
[PlyCount "24"]
[EventDate "2014.11.01"]

1. d4 d5 2. c4 c6 3. Nf3 Nf6 4. Nc3 e6 5. e3 Nbd7 6. b3 Bd6 7. Qc2 O-O 8. Be2
Re8 9. Bb2 dxc4 10. bxc4 e5 11. dxe5 Nxe5 12. Nxe5 Bxe5 1/2-1/2

[Event "First Saturday IM November2014"]
[Site "Budapest"]
[Date "2014.11.03"]
[Round "3.3"]
[White "Lyell, Mark"]
[Black "Petesch, Gabriel N"]
[Result "0-1"]
[WhiteElo "2294"]
[BlackElo "2263"]
[PlyCount "130"]
[EventDate "2014.11.01"]

1. e4 d5 2. exd5 Qxd5 3. Nc3 Qa5 4. Bc4 Nf6 5. Nf3 c6 6. d4 Bf5 7. O-O e6 8.
Qe2 Be7 9. h3 Nbd7 10. Nh4 Bg6 11. Nxg6 hxg6 12. Bf4 Rh4 13. Qd2 Nh5 14. Bg3
Nxg3 15. fxg3 Rxd4 16. Qf2 Ne5 17. Bb3 O-O-O 18. Rae1 Bd6 19. Kh1 Bc7 20. Ne4
Kb8 21. Qe2 R4d7 22. a3 Qb6 23. Qf2 Qb5 24. Qe2 Qxe2 25. Rxe2 b6 26. g4 c5 27.
Ba2 c4 28. c3 b5 29. Bb1 Bb6 30. g3 f6 31. Kg2 Nd3 32. Bxd3 Rxd3 33. Rf3 Rd1
34. Rf1 Rxf1 35. Kxf1 Rd1+ 36. Kg2 Kc7 37. a4 a6 38. axb5 axb5 39. h4 Rd5 40.
Kf3 Rd3+ 41. Kg2 Be3 42. h5 gxh5 43. gxh5 f5 44. Nf2 Bxf2 45. Rxf2 Kd6 46. Kh3
Ke7 47. Kh4 Re3 48. Rd2 Re4+ 49. Kh3 Kf6 50. Kg2 Re1 51. b3 Re3 52. bxc4 bxc4
53. g4 f4 54. Rd4 f3+ 55. Kg3 Rxc3 56. Kh4 e5 57. g5+ Ke6 58. Rd8 Rc2 59. Rf8
Rh2+ 60. Kg4 f2 61. h6 gxh6 62. Kg3 Rh1 63. Rf6+ Kd5 64. Kxf2 hxg5 65. Rg6 c3
0-1

[Event "First Saturday IM November2014"]
[Site "Budapest"]
[Date "2014.11.03"]
[Round "3.4"]
[White "Hoegy, Kevin"]
[Black "Boguszlavszkij, Jevgenyij"]
[Result "1/2-1/2"]
[WhiteElo "2257"]
[BlackElo "2262"]
[PlyCount "138"]
[EventDate "2014.11.01"]

1. d4 d5 2. Nf3 Nf6 3. c4 e6 4. Nc3 Nbd7 5. g3 c6 6. Bg2 Bd6 7. O-O O-O 8. Bf4
Qe7 9. c5 Bxf4 10. gxf4 Ne4 11. Nxe4 dxe4 12. Ne5 f5 13. e3 Nxe5 14. fxe5 Bd7
15. f3 Qg5 16. Qe2 Be8 17. fxe4 Bh5 18. Qf2 fxe4 19. Qg3 Qxg3 20. hxg3 Bf3 21.
Bxf3 exf3 22. Kf2 Rab8 23. Rac1 h5 24. Rh1 g6 25. Rh4 Kg7 26. g4 Kh6 27. gxh5
g5 28. Rg4 b6 29. Rg3 bxc5 30. Rxf3 Rxb2+ 31. Kg3 Rxf3+ 32. Kxf3 cxd4 33. exd4
Rb6 34. Ke4 Kxh5 35. Rh1+ Kg6 36. Rf1 c5 37. Rf6+ Kh5 38. dxc5 Rc6 39. Rf7 Rxc5
40. Rxa7 Rc4+ 41. Kd3 Rc6 42. Rd7 Rc8 43. Re7 Rc6 44. Rd7 Ra6 45. Rd6 Ra3+ 46.
Ke4 Ra4+ 47. Ke3 Kg4 48. Rxe6 Kf5 49. Re8 Rxa2 50. e6 Ra3+ 51. Kf2 Kf6 52. e7
Ra7 53. Kf3 Rxe7 54. Ra8 Rh7 55. Ra1 Rh3+ 56. Kg2 Rb3 57. Rc1 Kf5 58. Ra1 Kg4
59. Kg1 Rb2 60. Rc1 Kh4 61. Ra1 g4 62. Rc1 Kh3 63. Rc3+ g3 64. Rc1 Rg2+ 65. Kh1
Ra2 66. Kg1 Ra3 67. Rb1 Kg4 68. Rb4+ Kf3 69. Rb1 Re3 1/2-1/2

[Event "First Saturday IM November2014"]
[Site "Budapest"]
[Date "2014.11.03"]
[Round "3.5"]
[White "Grimm, Daniel"]
[Black "Martic, Zlatko"]
[Result "0-1"]
[WhiteElo "2252"]
[BlackElo "2321"]
[PlyCount "88"]
[EventDate "2014.11.01"]

1. e4 e6 2. Nf3 d5 3. e5 c5 4. c3 Ne7 5. Bd3 Nbc6 6. O-O Ng6 7. Bxg6 hxg6 8. d4
Bd7 9. Nbd2 cxd4 10. cxd4 Qb6 11. Nb3 Nb4 12. Bd2 Bb5 13. Re1 Nd3 14. Ba5 Qa6
15. Re2 b6 16. Bc3 Rc8 17. Re3 Nf4 18. Nc1 Be7 19. a4 Bd7 20. b3 g5 21. h3 f5
22. exf6 gxf6 23. Na2 Kf7 24. Bb4 g4 25. Bxe7 Kxe7 26. hxg4 Rh7 27. g3 Rch8 28.
Nh4 Kd8 29. Nb4 Qa5 30. Nd3 Ng6 31. Qf3 Nxh4 32. Qxf6+ Kc8 33. gxh4 Rxh4 34. b4
Qa6 35. Rc1+ Kb7 36. Kg2 Qxa4 37. g5 Rh2+ 38. Kg3 Qa2 39. Qe5 R8h3+ 40. Kg4
Rh4+ 41. Kg3 R4h3+ 42. Kg4 Rxe3 43. Rc7+ Kb8 44. fxe3 Qe2+ 0-1

[Event "First Saturday IM November2014"]
[Site "Budapest"]
[Date "2014.11.04"]
[Round "4.1"]
[White "Balint, Vilmos"]
[Black "Martic, Zlatko"]
[Result "1-0"]
[WhiteElo "2158"]
[BlackElo "2321"]
[PlyCount "107"]
[EventDate "2014.11.01"]

1. b3 e5 2. Bb2 Nc6 3. e3 d5 4. Bb5 Bd6 5. f4 f6 6. fxe5 fxe5 7. Nf3 Bg4 8. h3
Bxf3 9. Qxf3 Nf6 10. Nc3 e4 11. Qf5 Bg3+ 12. Ke2 O-O 13. Qg5 Qd6 14. Nxd5 Be5
15. Bxc6 Bxb2 16. Nxf6+ Kh8 17. Nxh7 Rfd8 18. Rad1 Qxc6 19. Qh4 Qh6 20. Qxe4
Qxh7 21. Qxh7+ Kxh7 22. c3 Ba3 23. d4 Be7 24. Rhf1 Kg6 25. e4 Rd6 26. e5 Ra6
27. a4 Rd8 28. Ke3 Rc6 29. Rd3 Rf8 30. Rxf8 Bxf8 31. Ke4 Kf7 32. Rf3+ Ke8 33.
c4 Rg6 34. g4 Be7 35. Kf5 Rh6 36. d5 Rb6 37. g5 g6+ 38. Kg4 Rb4 39. h4 a6 40.
h5 gxh5+ 41. Kxh5 b5 42. axb5 axb5 43. g6 Bf8 44. d6 cxd6 45. exd6 Bg7 46. Rf7
Bd4 47. d7+ Kd8 48. c5 Rxb3 49. c6 Rh3+ 50. Kg5 Rh8 51. g7 Bxg7 52. Rxg7 Kc7
53. Re7 Kd8 54. Re4 1-0

[Event "First Saturday IM November2014"]
[Site "Budapest"]
[Date "2014.11.04"]
[Round "4.2"]
[White "Boguszlavszkij, Jevgenyij"]
[Black "Grimm, Daniel"]
[Result "1/2-1/2"]
[WhiteElo "2262"]
[BlackElo "2252"]
[PlyCount "104"]
[EventDate "2014.11.01"]

1. d4 d5 2. Nf3 Nf6 3. e3 Bg4 4. Nbd2 e6 5. Be2 c5 6. b3 Nc6 7. Bb2 Be7 8. O-O
O-O 9. Ne5 Bxe2 10. Qxe2 Rc8 11. dxc5 Bxc5 12. Nd3 Bb6 13. c4 Qe7 14. Rac1 Rfd8
15. c5 Ba5 16. a3 Bxd2 17. Qxd2 e5 18. f4 Ne4 19. Qe1 exf4 20. Rxf4 Qg5 21. Qe2
f6 22. Rcf1 Ne7 23. b4 h5 24. Nf2 Nxf2 25. R4xf2 Rc6 26. Rf3 Re6 27. Rg3 Qh6
28. Rh3 Ng6 29. Qf3 Re4 30. Bd4 h4 31. b5 Qg5 32. Qf5 Qxf5 33. Rxf5 Ne5 34. Rf4
Rxf4 35. exf4 Ng6 36. f5 Ne7 37. Rf3 a6 38. a4 axb5 39. axb5 Ra8 40. g4 hxg3
41. hxg3 Ra5 42. Rb3 Nxf5 43. c6 bxc6 44. b6 Nd6 45. b7 Nxb7 46. Rxb7 Ra4 47.
Bb2 c5 48. Kf2 d4 49. Ke2 d3+ 50. Kxd3 Rg4 51. Rc7 Rxg3+ 52. Kc4 Rg5 1/2-1/2

[Event "First Saturday IM November2014"]
[Site "Budapest"]
[Date "2014.11.04"]
[Round "4.3"]
[White "Petesch, Gabriel N"]
[Black "Hoegy, Kevin"]
[Result "0-1"]
[WhiteElo "2263"]
[BlackElo "2257"]
[PlyCount "264"]
[EventDate "2014.11.01"]

1. Nf3 Nf6 2. b3 d5 3. Bb2 e6 4. e3 Be7 5. d4 O-O 6. Nbd2 b6 7. c4 Bb7 8. Qc2
c5 9. dxc5 Bxc5 10. cxd5 exd5 11. a3 Nbd7 12. b4 Bd6 13. Rd1 Qe7 14. Nd4 Rac8
15. Qb1 g6 16. Be2 Ne4 17. Nxe4 dxe4 18. Nb5 Bb8 19. Nc3 Nf6 20. g3 h5 21. h4
Rfd8 22. O-O Qe6 23. Kg2 Rxd1 24. Rxd1 Ng4 25. Rd2 Ne5 26. Kh2 Nf3+ 27. Bxf3
exf3 28. Qd1 Be5 29. Nb5 Bxb2 30. Rxb2 Rc4 31. Qd8+ Kg7 32. Qd6 Qg4 33. Qe5+
Kh7 34. Qf6 Bd5 35. Qg5 Qd7 36. e4 Rxe4 37. Rd2 Re1 38. g4 Qxb5 39. Qxd5 Rh1+
40. Kg3 Rg1+ 41. Kxf3 Qxd5+ 42. Rxd5 Rxg4 43. Rd7 Kg7 44. Rxa7 Rxh4 45. b5 g5
46. Ra6 Rh3+ 47. Ke4 h4 48. Kf5 Rg3 49. fxg3 h3 50. Rxb6 h2 51. Kxg5 h1=Q 52.
Rf6 Qc1+ 53. Rf4 Qxa3 54. Kh4 Qb2 55. Rf5 Kg6 56. Rg5+ Kf6 57. Rh5 Qd2 58. Kh3
Kg6 59. g4 Qe3+ 60. Kh4 Qf4 61. Kh3 Qe3+ 62. Kg2 Qf4 63. Kh3 Qf3+ 64. Kh4 Qh1+
65. Kg3 Qg1+ 66. Kf3 Kf6 67. Rf5+ Ke6 68. Rh5 Kd6 69. Rf5 Qa1 70. Kg2 Qa2+ 71.
Kg3 Kc7 72. Rc5+ Kb6 73. Rf5 Qe6 74. Kf2 Ka5 75. Kg3 Kb4 76. Kg2 Kc4 77. Kg3
Kd3 78. Rf3+ Ke2 79. Rf2+ Ke1 80. Rf5 Qe3+ 81. Kh4 Qb3 82. Kg5 Ke2 83. Kh4 Ke3
84. Kg3 Ke4+ 85. Kg2 f6 86. Rxf6 Qxb5 87. Rf5 Qb3 88. Kh2 Qd3 89. Kg2 Qe3 90.
Rf2 Qe1 91. Rc2 Kf4 92. Rc4+ Kg5 93. Rc5+ Kxg4 94. Rc4+ Kf5 95. Rc5+ Ke4 96.
Rc4+ Ke3 97. Rc2 Qa1 98. Rf2 Qg7+ 99. Kf1 Qg4 100. Rh2 Qd1+ 101. Kg2 Qe2+ 102.
Kg1 Qe1+ 103. Kg2 Kf4 104. Rh3 Kg4 105. Rh2 Qe3 106. Kf1 Qd3+ 107. Ke1 Qc3+
108. Rd2 Kf4 109. Kd1 Ke3 110. Re2+ Kf3 111. Rf2+ Kg3 112. Rd2 Qa1+ 113. Ke2
Kf4 114. Kd3 Qa3+ 115. Kc4 Qa4+ 116. Kc3 Ke3 117. Rb2 Qc6+ 118. Kb4 Kd3 119.
Rb3+ Kc2 120. Ra3 Qd6+ 121. Ka4 Qb6 122. Rh3 Qc6+ 123. Kb4 Qd6+ 124. Ka5 Qd8+
125. Kb4 Qe7+ 126. Ka5 Qe5+ 127. Kb4 Qe7+ 128. Ka5 Qg5+ 129. Kb6 Qf6+ 130. Kc7
Qe7+ 131. Kb8 Qd8+ 132. Kb7 Qd7+ 0-1

[Event "First Saturday IM November2014"]
[Site "Budapest"]
[Date "2014.11.04"]
[Round "4.4"]
[White "Szalanczy, Emil"]
[Black "Lyell, Mark"]
[Result "1-0"]
[WhiteElo "2232"]
[BlackElo "2294"]
[PlyCount "93"]
[EventDate "2014.11.01"]

1. e4 e5 2. Nf3 Nc6 3. Bb5 f5 4. Nc3 fxe4 5. Nxe4 Nf6 6. Qe2 d5 7. Nxf6+ gxf6
8. d4 Bg7 9. dxe5 O-O 10. Bxc6 bxc6 11. e6 Re8 12. O-O Rxe6 13. Be3 c5 14. Qd2
d4 15. Rfe1 Bb7 16. Bf4 Rxe1+ 17. Rxe1 Qd7 18. Qe2 Bf8 19. b3 Bd5 20. Bg3 Bf7
21. Qa6 c6 22. h3 Bg6 23. Nh4 Re8 24. Rxe8 Bxe8 25. Bb8 Qe6 26. Bg3 Qe4 27. Qc8
Bf7 28. Kh2 Qe6 29. Qb8 h5 30. Bf4 Qe4 31. f3 Qe6 32. a4 a5 33. Qd8 Kg7 34.
Qxa5 Bd6 35. Qd2 Bxf4+ 36. Qxf4 Qe5 37. Qxe5 fxe5 38. a5 c4 39. a6 cxb3 40.
cxb3 c5 41. a7 Bd5 42. Nf5+ Kf6 43. Nd6 d3 44. Nc4 Kg5 45. Kg3 h4+ 46. Kf2 Kf4
47. Nd2 1-0

[Event "First Saturday IM November2014"]
[Site "Budapest"]
[Date "2014.11.04"]
[Round "4.5"]
[White "Tran, Minh Thang"]
[Black "Szeberenyi, Adam"]
[Result "1/2-1/2"]
[WhiteElo "2066"]
[BlackElo "2316"]
[PlyCount "43"]
[EventDate "2014.11.01"]

1. d4 d5 2. Bf4 Nf6 3. e3 e6 4. Nd2 c5 5. c3 Nc6 6. Bd3 Bd6 7. Bxd6 Qxd6 8. f4
Bd7 9. a3 Rc8 10. Ngf3 cxd4 11. cxd4 Ng4 12. Qe2 f5 13. O-O O-O 14. Rfc1 Ne7
15. Nb3 Rxc1+ 16. Rxc1 Rc8 17. Rxc8+ Nxc8 18. h3 Nf6 19. Ne5 b6 20. Qc2 Ne7 21.
Nd2 Ne4 22. Ndf3 1/2-1/2

[Event "First Saturday IM November2014"]
[Site "Budapest"]
[Date "2014.11.05"]
[Round "5.1"]
[White "Szeberenyi, Adam"]
[Black "Balint, Vilmos"]
[Result "1-0"]
[WhiteElo "2316"]
[BlackElo "2158"]
[PlyCount "67"]
[EventDate "2014.11.01"]

1. d4 f5 2. Nh3 Nf6 3. Bg5 Ne4 4. Bh4 c5 5. f3 Nf6 6. Nc3 cxd4 7. Qxd4 Nc6 8.
Qa4 b5 9. Nxb5 Rb8 10. Bf2 e5 11. O-O-O a6 12. Nd6+ Bxd6 13. Rxd6 Qc7 14. Bc5
Nd4 15. b4 Nb5 16. Rd2 d6 17. Rxd6 O-O 18. Qb3+ Kh8 19. Rd2 Re8 20. Ng5 Rb7 21.
e3 h6 22. Bxb5 axb5 23. Bd6 Qc6 24. Nf7+ Rxf7 25. Qxf7 Qc3 26. Qb3 Qc6 27. Qb2
Be6 28. Bxe5 Nd5 29. e4 fxe4 30. fxe4 Ne3 31. Rd3 Qxe4 32. Re1 Qxg2 33. Rdxe3
Rc8 34. Bxg7+ 1-0

[Event "First Saturday IM November2014"]
[Site "Budapest"]
[Date "2014.11.05"]
[Round "5.2"]
[White "Lyell, Mark"]
[Black "Tran, Minh Thang"]
[Result "1-0"]
[WhiteElo "2294"]
[BlackElo "2066"]
[PlyCount "67"]
[EventDate "2014.11.01"]

1. e4 e6 2. d4 d5 3. Nc3 Bb4 4. e5 c5 5. a3 Bxc3+ 6. bxc3 Qa5 7. Bd2 Qa4 8. h4
b6 9. h5 h6 10. Qg4 Kf8 11. Rh3 Ne7 12. Bd3 Nf5 13. Qf4 c4 14. g4 cxd3 15. gxf5
exf5 16. cxd3 Nc6 17. Nf3 Be6 18. Ke2 Ne7 19. Rg3 g5 20. hxg6 Nxg6 21. Rxg6
fxg6 22. Qh4 g5 23. Bxg5 Ke8 24. Bd2 Kd7 25. Rg1 Qxa3 26. Rg7+ Kc6 27. Ne1 Rag8
28. Nc2 Qf8 29. Rxa7 f4 30. Nb4+ Kb5 31. Kd1 Rg4 32. Qh1 Qg8 33. Kc2 Rg1 34.
c4+ 1-0

[Event "First Saturday IM November2014"]
[Site "Budapest"]
[Date "2014.11.05"]
[Round "5.3"]
[White "Hoegy, Kevin"]
[Black "Szalanczy, Emil"]
[Result "1-0"]
[WhiteElo "2257"]
[BlackElo "2232"]
[PlyCount "131"]
[EventDate "2014.11.01"]

1. Nf3 c5 2. c4 Nc6 3. Nc3 Nf6 4. d4 cxd4 5. Nxd4 e6 6. Ndb5 Bb4 7. Bf4 e5 8.
Bg5 d6 9. a3 Bxc3+ 10. Nxc3 Be6 11. e3 Qb6 12. Rb1 h6 13. Bxf6 gxf6 14. Be2
O-O-O 15. O-O Ne7 16. b4 Kb8 17. Qd2 Rhg8 18. Rfd1 d5 19. c5 Qc6 20. Bb5 Qc8
21. Bf1 Bg4 22. Be2 Bxe2 23. Qxe2 Qh3 24. Qf1 Rg5 25. Ne4 Rg6 26. Kh1 Qe6 27.
Nd6 Nc8 28. Nxc8 Qxc8 29. Rb2 f5 30. Rbd2 Qc6 31. g3 Rg4 32. Qg2 Re4 33. Rd3 a6
34. Kg1 Ka7 35. f3 Rc4 36. Qd2 d4 37. Qe2 h5 38. exd4 Rcxd4 39. Rxd4 exd4 40.
Rd3 Qd5 41. Qe7 Rd7 42. Qe8 Qe6 43. Qc8 f4 44. Kg2 f5 45. a4 Qe2+ 46. Kh3 fxg3
47. hxg3 Qf1+ 48. Kh4 Qxd3 49. Qxd7 Qxf3 50. Qxd4 Qe4+ 51. Qxe4 fxe4 52. Kh3 b6
53. cxb6+ Kxb6 54. Kg2 Kc6 55. Kf2 Kd5 56. Ke3 Kc4 57. b5 axb5 58. axb5 Kxb5
59. Kxe4 Kc5 60. Kf5 Kd5 61. Kg6 Ke5 62. Kxh5 Kf5 63. g4+ Kf6 64. Kh6 Kf7 65.
g5 Kg8 66. Kg6 1-0